00379nam a2200109Ia 4500008004100000245009600041260003500137260000900172300000900181650001300190856006600203170516s9999 xx 000 0 und d aTransfersome: A Novel Technique Which Improves Transdermal Permeability Dr. Ashish Y. Pawar bAsian Journal of Pharmaceutics c2016 a10:4 xPharmacy uhttp://www.asiapharmaceutics.info/index.php/ajp/issue/view/71